JIMD Reports, Volume 36

JIMD Reports publishes case and short research reports in the area of inherited metabolic disorders. Case reports highlight some unusual or previously unrecorded feature relevant to the disorder, or serve as an important reminder of clinical or biochemical features of a Mendelian disorder.

Λεπτομέρειες βιβλιογραφικής εγγραφής
Συγγραφή απο Οργανισμό/Αρχή: SpringerLink (Online service)
Άλλοι συγγραφείς: Morava, Eva (Επιμελητής έκδοσης), Baumgartner, Matthias (Επιμελητής έκδοσης), Patterson, Marc (Επιμελητής έκδοσης), Rahman, Shamima (Επιμελητής έκδοσης), Zschocke, Johannes (Επιμελητής έκδοσης), Peters, Verena (Επιμελητής έκδοσης)
Μορφή: Ηλεκτρονική πηγή Ηλ. βιβλίο
Γλώσσα:English
Έκδοση: Berlin, Heidelberg : Springer Berlin Heidelberg : Imprint: Springer, 2017.
Σειρά:JIMD Reports, 36
Θέματα:
Διαθέσιμο Online:Full Text via HEAL-Link
LEADER 04066nam a22005895i 4500
001 978-3-662-56138-6
003 DE-He213
005 20171109060930.0
007 cr nn 008mamaa
008 171109s2017 gw | s |||| 0|eng d
020 |a 9783662561386  |9 978-3-662-56138-6 
024 7 |a 10.1007/978-3-662-56138-6  |2 doi 
040 |d GrThAP 
050 4 |a RB155-155.8 
050 4 |a QH431 
072 7 |a MFN  |2 bicssc 
072 7 |a MED107000  |2 bisacsh 
082 0 4 |a 611.01816  |2 23 
082 0 4 |a 599.935  |2 23 
245 1 0 |a JIMD Reports, Volume 36  |h [electronic resource] /  |c edited by Eva Morava, Matthias Baumgartner, Marc Patterson, Shamima Rahman, Johannes Zschocke, Verena Peters. 
264 1 |a Berlin, Heidelberg :  |b Springer Berlin Heidelberg :  |b Imprint: Springer,  |c 2017. 
300 |a VI, 120 p. 20 illus., 11 illus. in color.  |b online resource. 
336 |a text  |b txt  |2 rdacontent 
337 |a computer  |b c  |2 rdamedia 
338 |a online resource  |b cr  |2 rdacarrier 
347 |a text file  |b PDF  |2 rda 
490 1 |a JIMD Reports,  |x 2192-8304 ;  |v 36 
505 0 |a False-Positive Newborn Screen Using the Beutler Spot Assay for Galactosemia in Glucose-6-Phosphate Dehydrogenase Deficiency -- Domains of Daily Physical Activity in Children with Mitochondrial Disease: A 3D Accelerometry Approach -- Preliminary Results on Long-Term Potentiation-Like Cortical Plasticity and Cholinergic Dysfunction After Miglustat Treatment in Niemann-Pick Disease Type C -- Prevalence of Mucopolysaccharidosis Types I, II, and VI in the Pediatric and Adult Population with Carpal Tunnel Syndrome (CTS). Retrospective and Prospective Analysis of Patients Treated for CTS -- Primary Carnitine Deficiency: Is Foetal Development Affected and Can Newborn Screening Be Improved? -- The Spectrum of Niemann-Pick Type C Disease in Greece -- What Is the Best Blood Sampling Time for Metabolic Control of Phenylalanine and Tyrosine Concentrations in Tyrosinemia Type 1 Patients? -- A Homozygous Mutation in GPT2 Associated with Nonsyndromic Intellectual Disability in a Consanguineous Family from Costa Rica -- Impact of Dietary Intake on Bone Turnover in Patients with Phenylalanine Hydroxylase Deficiency -- Hypogonadotropic Hypogonadism in Males with Glycogen Storage Disease Type 1 -- Widespread Expression of a Membrane-Tethered Version of the Soluble Lysosomal Enzyme Palmitoyl Protein Thioesterase-1 -- Gamma-Hydroxybutyrate (GHB) Content in Hair Samples Correlates Negatively with Age in Succinic Semialdehyde Dehydrogenase Deficiency -- An Audit of the Use of Gonadorelin Analogues to Prevent Recurrent Acute Symptoms in Patients with Acute Porphyria in the United Kingdom -- Altered Cellular Homeostasis in Murine MPS I Fibroblasts: Evidence of Cell-Specific Physiopathology -- Irreversibility of Symptoms with Biotin Therapy in an Adult with Profound Biotinidase Deficiency. 
520 |a JIMD Reports publishes case and short research reports in the area of inherited metabolic disorders. Case reports highlight some unusual or previously unrecorded feature relevant to the disorder, or serve as an important reminder of clinical or biochemical features of a Mendelian disorder. 
650 0 |a Medicine. 
650 0 |a Human genetics. 
650 0 |a Molecular biology. 
650 0 |a Metabolic diseases. 
650 0 |a Pediatrics. 
650 1 4 |a Biomedicine. 
650 2 4 |a Human Genetics. 
650 2 4 |a Metabolic Diseases. 
650 2 4 |a Pediatrics. 
650 2 4 |a Molecular Medicine. 
700 1 |a Morava, Eva.  |e editor. 
700 1 |a Baumgartner, Matthias.  |e editor. 
700 1 |a Patterson, Marc.  |e editor. 
700 1 |a Rahman, Shamima.  |e editor. 
700 1 |a Zschocke, Johannes.  |e editor. 
700 1 |a Peters, Verena.  |e editor. 
710 2 |a SpringerLink (Online service) 
773 0 |t Springer eBooks 
776 0 8 |i Printed edition:  |z 9783662561379 
830 0 |a JIMD Reports,  |x 2192-8304 ;  |v 36 
856 4 0 |u http://dx.doi.org/10.1007/978-3-662-56138-6  |z Full Text via HEAL-Link 
912 |a ZDB-2-SBL 
950 |a Biomedical and Life Sciences (Springer-11642)